Statistics for Physics formulae

Click here to take the quiz!

General Stats

  • This quiz has been taken 2 times
  • The average score is 4 of 13

Answer Stats

HintAnswer% Correct
work done, force and distancew = fd
100%
weight, mass gravitational and field strengthw = mg
100%
gpe, mass, gravitational field strength and heightgpe = mgh
50%
current, charge and timei = qt
50%
wave speed, frequency and wavelengthv = f lambda
50%
voltage, current and resistancev = ir
50%
density, mass and volumed = m divided v
0%
efficiency, useful energy output and total energy outpute = useful e output divided total e output
0%
frequency and time periodf = 1 divided t
0%
ke, mass and velocityke = half mass velocity squared
0%
power, work done and timep = w divided t
0%
speed, distance and times = d divided t
0%
voltage, work done and chargev = w divided q
0%

Score Distribution

Percentile by Number Answered

Percent of People with Each Score

Your Score History

You have not taken this quiz